| 000 | 01804cam a2200409 i 4500 | ||
|---|---|---|---|
| 001 | EDZ0000020832 | ||
| 003 | StDuBDS | ||
| 005 | 20161031105216.0 | ||
| 006 | m||||||||d|||||||| | ||
| 007 | cr ||||||||||| | ||
| 008 | 141218s2012 caua fo| 001|0|eng|d | ||
| 020 |
_a9781446201015 (ebook) : _cNo price |
||
| 040 |
_aStDuBDS _beng _cStDuBDS _erda _epn |
||
| 049 | _aAlfaisal Main Library | ||
| 050 | 4 |
_aJA85 _b.S2 2012 |
|
| 082 | 0 | 4 |
_a320.014 _223 |
| 245 | 0 | 4 |
_aThe SAGE handbook of political communication / _cedited by Holli A. Semetko and Margaret Scammell. |
| 246 | 3 | 0 | _aPolitical communication |
| 264 | 1 |
_aLos Angeles, California : _bSAGE Publications, _c2012. |
|
| 300 |
_a1 online resource (xviii, 557 pages) : _billustrations (black and white) |
||
| 336 |
_atext _2rdacontent |
||
| 336 |
_astill image _2rdacontent |
||
| 337 |
_acomputer _2rdamedia |
||
| 338 |
_aonline resource _2rdacarrier |
||
| 504 | _aIncludes bibliographical references and index. | ||
| 520 | 8 | _aThis handbook provides a review of the major research associated with political communication and sets the agenda for future study in this important discipline. It explores influences on political communication such as the media and technology and looks at the influences on political communication research. | |
| 521 | _aSpecialized. | ||
| 588 | _aDescription based on online resource; title from home page (viewed on December 18, 2014). | ||
| 650 | 0 | _aCommunication in politics. | |
| 655 | 7 |
_aElectronic books. _2local |
|
| 700 | 1 |
_aSemetko, Holli A., _eeditor. |
|
| 700 | 1 |
_aScammell, Margaret, _eeditor. |
|
| 710 | 2 | _aSage eBooks | |
| 776 | 0 | 8 |
_iPrint version : _z9781847874399 |
| 856 | 4 | 0 | _uhttp://ezproxy.alfaisal.edu/login?url=http://sk.sagepub.com/reference/hdbk_politicalcomm |
| 942 |
_2lcc _cEBOOKS |
||
| 999 |
_c481743 _d481743 |
||